00361nam a2200133Ia 4500003000400000008004100004040001600045082001900061100001300080245006900093260002300162650001800185650002400203GCL140319s9999 xx 000 0 eng d aGCL / cGCL04aCHb030.4bH E1 aHACHETTE10aENCYCLOPEDIA DE LA JEUNESSEDIS, COMMENT CA MARCHE ? / cHACHETTE a[S.N] : bHACHETTE04aENCYCLOPEDIES04aFRENCH ENCYCLOPEDIE